• 首页
  • 本馆介绍
  • 公告通知
  • 最新文献
  • 馆藏检索
  • 电子资源
  • 读者导购
  • 参考咨询
  • 我的图书馆
  • 登录
  • 详细信息显示
  • 放入我的书架
  • 预约/预借图书
  • 作者相关作品
  • 分类相关作品
  • 丛书相关作品
  • 出版社相关作品

书目信息

  • 表格格式
  • 工作单格式
  • 卡片格式
题名:
现代档案管理与创新探究
    
 
作者: 赵杰 , 冯艳 , 王爱华 主编
分册:  
出版信息: 长春   吉林科学技术出版社  2022.05
页数: 434页
开本: 26cm
丛书名:
单 册:
中图分类: G271
科图分类:
主题词: 档案管理--研究
电子资源:
ISBN: 978-7-5578-8072-9
000 01197nam0 2200253 450
001 012001002546
005 20140202160432.0
010    @a978-7-5578-8072-9@dCNY75.00
100    @a20220905d2021 em y0chiy50 ea
101 0  @achi
102    @aCN@b220000
105    @ay z 000yy
106    @ar
200 1  @a现代档案管理与创新探究@Axian dai dang an guan li yu chuang xin tan jiu@f赵杰,冯艳,王爱华主编
210    @a长春@c吉林科学技术出版社@d2022.05
215    @a434页@d26cm
330    @a本书共十四章。第一章为现代档案及其管理工作概述;第二章论述的为现代档案的文化价值及其实现;第三、四章分别对档案管理的现代化和基本工作内容进行论述;第五、六章则是对目标管理和信息技术管理在现代档案工作中的应用进行分析;第七章是对现代科技档案管理的论述;第八、九、十章则是对现代档案服务的论述;第十一、十二章是对档案管理应用最为普遍的两种类型——现代人事档案管理和现代企业档案管理信息化及其创新的阐述;最后两章则对我国档案管理体制以及大数据时代档案管理模式的新发进行研究分析。
606 0  @a档案管理@x研究
690    @aG271@v5
701  0 @a赵杰@Azhao jie@4主编
701  0 @a冯艳@Afeng yan@4主编
701  0 @a王爱华@Awang ai hua@4主编
801  0 @aCN@bAHXH@c20221111
905    @b1368346-8@dG271@e242@f3
    
    现代档案管理与创新探究/赵杰,冯艳,王爱华主编.-长春:吉林科学技术出版社,2022.05
    434页;26cm
    
    
    ISBN 978-7-5578-8072-9:CNY75.00
    本书共十四章。第一章为现代档案及其管理工作概述;第二章论述的为现代档案的文化价值及其实现;第三、四章分别对档案管理的现代化和基本工作内容进行论述;第五、六章则是对目标管理和信息技术管理在现代档案工作中的应用进行分析;第七章是对现代科技档案管理的论述;第八、九、十章则是对现代档案服务的论述;第十一、十二章是对档案管理应用最为普遍的两种类型——现代人事档案管理和现代企业档案管理信息化及其创新的阐述;最后两章则对我国档案管理体制以及大数据时代档案管理模式的新发进行研究分析。
●
相关链接 在E读中查询图书 在五车中查询图书 在当当中查询图书 在豆瓣中查询图书


正题名:现代档案管理与创新探究     索取号:G271/242         预约/预借

序号 登录号 条形码 馆藏地/架位号 状态 备注
1 1368346   213683469   第一样本阅览室/ [索取号:G271/242] 在馆    
2 1368347   213683478   第四借阅区/ [索取号:G271/242] 在馆    
3 1368348   213683487   第四借阅区/ [索取号:G271/242] 在馆    
唐山师范学院图书馆 欢迎您!
大连网信软件有限公司© 版权所有